| Tag |
First Indicator |
Second Indicator |
Subfields |
| LEADER |
00000cam a2200000 4500 |
| 001 |
in00000079455 |
| 005 |
20151008052849.0 |
| 008 |
760419s1935 enka 00000 eng d |
| 035 |
|
|
|a (OCoLC)02124173
|
| 035 |
|
|
|9 AAH5217AM
|
| 040 |
|
|
|a AZS
|c AZS
|d TXA
|d UtOrBLW
|
| 049 |
|
|
|a TXAM
|c [169855]
|
| 090 |
|
|
|a HG3701
|b .D88 1935
|
| 092 |
|
|
|a 332.7
|b D953p
|
| 100 |
1 |
|
|a Durbin, Evan Frank Mottram.
|
| 245 |
1 |
4 |
|a The problem of credit policy /
|c by E.F.M. Durbin, B. A.
|
| 264 |
|
1 |
|a London :
|b Chapman & Hall,
|c [1935]
|
| 300 |
|
|
|a xxi, 267 pages :
|b diagrams ;
|c 23 cm.
|
| 336 |
|
|
|a text
|b txt
|2 rdacontent
|
| 337 |
|
|
|a unmediated
|b n
|2 rdamedia
|
| 338 |
|
|
|a volume
|b nc
|2 rdacarrier
|
| 650 |
|
0 |
|a Credit.
|
| 650 |
|
0 |
|a Money.
|
| 650 |
|
0 |
|a Banks and banking.
|
| 999 |
|
|
|a MARS
|
| 999 |
f |
f |
|s 678e5c82-7ecd-3a8b-99dd-790c920c8ac5
|i 6cbc339b-1ba0-30df-b808-81ff85b6d00d
|t 0
|
| 952 |
f |
f |
|p ric
|a Texas A&M University
|b Rellis Campus
|c Joint Library Facility
|d Remote Storage
|t 0
|e HG3701 .D88 1935
|h Library of Congress classification
|i unmediated -- volume
|m A14800737793
|
| 998 |
f |
f |
|a HG3701 .D88 1935
|t 0
|l Remote Storage
|